000 03934nam a2200349 i 4500
001 000017845
003 DO-SdBNP
005 20241101102639.0
007 ta
008 100406s2005 dr ac 000 0bspa d
020 _a9993479608
040 _aDO-SdBNP
_bspa
_cBNPHU
_erda
041 _aspa
082 4 _a923.57293
_bL986a 2005
_222
245 0 0 _aApoteosis del general Gregorio Luperón /
_ccompilador Ricardo Limardo.
250 _aSegunda edición
264 1 _aSanto Domingo :
_bComisión Permanente de Efemérides Patrias,
_c2005.
300 _a139 páginas :
_bilustraciones, retratos ;
_c23 cm.
336 _atexto
_btxt
_2rdacontent
337 _asin mediación
_bn
_2rdamedia
338 _avolumen
_bnc
_2rdacarrier
490 0 _aComisión Permanente De Efemérides Patrias ;
_v3
500 _aIncluye referencias bibliográficas y notas al pie de las páginas.
505 0 _tla apoteosis de un prócer --
_tGregorio Luperón --
_tBreves rasgos biográficos del General Gregorio Luperón --
_gApoteosis del General Gregorio Luperón --
_tMoción del senador Limardo --
_tLey del Congreso Nacional --
_tPrograma de actos oficiales con motivo de la Apoteosis del Gral. Gregorio Luperón --
_gDiscurso del General Ricardo Limardo, Secretario de Estado de lo Interior, Policia, Guerra y Marina en el momento de exhumar los restos --
_tDiscurso pronunciado por el Goberno de Puerto Plata, Sr. Luis Ginebra al iniciarse la procesión cívica celebrada en aquella ciudad, con motivo del traslado de los restos del Gral. Gregorio Luperón, a la Capilla de los Inmortales --
_tDiscurso del señor Jorge de Lemos, Presidente del ayuntamiento de Puerto Plata, en la Apoteosis del Gral. Luperón --
_tDiscurso pronunciado por el Pbro. Can. Lic. Rafael C. Castellanos en Puerto Plata, con motivo de la Apoteosis del General Gregorio Luperón --
_tDiscurso pronunciado por el Comisionado, senador Dr. J. D. Alfonseca en el momento de recibir en Pto. Plata, los despojos del Benemérito General Gregorio Luperón, para conducirlos a esta capital --
_tPalabras pronunciadas por el señor Onésimo Jiménez al depositar a nombre de la común Imbert, una corona sobre los restos mortales del egrerio Gral. Luperón el 14 de agosto de 1926 --
_tPalabras pronunciadas por el Pbro. Joaquín Rodríguez, en ocasión de ofrendar una corona en el acto de homenaje a los restos mortales del General Gregorio Luperón el día 14 de Agosto de 1926 --
_tAntes los restos de Gregorio Luperón --
_tPalabras del Lic. Manuel Ubaldo Gómez, en el acto de Apoteosis al General Gregorio Luperón --
_tDiscurso pronunciado por el Lic. Arturo Logroño ante los despojos del ilustre Gregorio Luperón, en la tarde de su Apoteosis, el 16 de Agosto de 1926 --
_gLa prensa y la apoteosis --
_tDe prensa --
_tDe "El porvenir", Puerto Plata, R.D. --
_gPrólogo --
505 0 _tSantiago rinde homenaje a su paso por esta ciudad, a los manes gloriosos del General Luperón --
_tLuperón en la Patria y en el corazón de todos los dominicanos --
_tLas cenizas de Gregorio Luperón --
_tLa República tributa la merecida Apoteosis al General Luperón --
_tLa Apoteosisi del Gral. Luperón, grande de la Patria
_tFiestas patrias. Apoteosis Luperón --
_tEn el altar de la Patria --
_tEvocando y recordando a Luperón --
_tLuperón, pensador y soldado --
_tLos restos del General Luperón en la Capilla de los Inmortales de la Catedral de Santo Domingo --
_tEl Presidente Machado, en mensaje cordialísimo Tributa la admiración de Cuba al Gral. Luperón y expresa al Presidente Vásquez las simpatías de su pueblo en la fecha de nuestra Restauración --
_tEfusiva respuesta del Presidente Vásquez.
590 _aInventariado, 2020/VM
600 1 0 _aLuperón, Gregorio,
_d1839-1897
_9888
651 0 _aRepública Dominicana --
_xHistoria --
_y1844-1930
_91009
700 1 _aLimardo, Ricardo,
_ecompilador
_4comp.
_938748
910 _aValidado. Control de calidad MMOLINA
942 _2ddc
_cLBS1
999 _c17369
_d17369